How far I'll go / Keala Kendall.
Available copies
- 2 of 2 copies available at LARL/NWRL Consortium. (Show)
- 2 of 2 copies available at Lake Agassiz Regional Library.
Current holds
0 current holds with 2 total copies.
Show Only Available Copies
| Location | Call Number / Copy Notes | Barcode | Shelving Location | Status | Due Date |
|---|---|---|---|---|---|
| Detroit Lakes Public Library | Y KEN (Text) | 33500014272504 | New | Available | - |
| Fosston Public Library | Y KEN (Text) | 33500014272512 | New | Available | - |
Record details
- ISBN: 9781368108249
- ISBN: 1368108245
- Physical Description: 407 pages ; 22 cm.
- Edition: First hardcover edition.
- Publisher: Los Angeles : Disney/Hyperion, 2025.
- Copyright: ©2025
Content descriptions
| General Note: | "What if Moana broke the heart of Te Fiti?"--Jacket. |
| Summary, etc.: | "After a devastating batttle with Te Kåa, Moana's ... Read More |
| Target Audience Note: | 12-Up. 07-Up. |
Search for related items by subject
| Genre: | Fantasy fiction. Action and adventure fiction. |
Search for related items by series
| LDR | 02689cam a2200541 i 4500 | ||
|---|---|---|---|
| 001 | 466205 | ||
| 003 | LARL_NWRL_CONSORTIUM | ||
| 005 | 20250905211055.0 | ||
| 008 | 250825t20252025cau d 000 1 eng d | ||
| 040 | . | ‡aIG# ‡beng ‡erda ‡cIG# ‡dOI6 ‡dRNL ‡dJCX ‡dJAS | |
| 020 | . | ‡a9781368108249 ‡q(hardcover) | |
| 020 | . | ‡a1368108245 ‡q(hardcover) | |
| 035 | . | ‡a(OCoLC)1534295009 | |
| 082 | 0 | 4. | ‡a[Fic] ‡223/eng/20250825 |
| 100 | 1 | . | ‡aKendall, Keala, ‡eauthor. |
| 245 | 1 | 0. | ‡aHow far I'll go / ‡cKeala Kendall. |
| 246 | 3 | . | ‡aHow far I will go |
| 250 | . | ‡aFirst hardcover edition. | |
| 264 | 1. | ‡aLos Angeles : ‡bDisney/Hyperion, ‡c2025. | |
| 264 | 4. | ‡c©2025 | |
| 300 | . | ‡a407 pages ; ‡c22 cm. | |
| 336 | . | ‡atext ‡btxt ‡2rdacontent | |
| 337 | . | ‡aunmediated ‡bn ‡2rdamedia | |
| 338 | . | ‡avolume ‡bnc ‡2rdacarrier | |
| 490 | 0 | . | ‡aTwisted tale ; ‡v19 |
| 500 | . | ‡a"What if Moana broke the heart of Te Fiti?"--Jacket. | |
| 520 | . | ‡a"After a devastating batttle with Te Kåa, Moana's worst fears are realized: the heart of Te Fiti is in ruins, Maui is frozen in volcanic rock, and darkness threatens to envelop her beloved home. Desperate to fix things, Moana stumbles upon an island already crumbling under the blight. All life is gone, save one sole survivor--a young woman named Noe. Moana is relieved to find another wayfarer, even if this stranger is more than a little intimidating. Better still, Noe has an idea how to fix the heart: using the tears of Te Fiti, gems infused with the goddess's essence. The catch? The tears are said to be scattered throughout the realm of monsters. Banded together, Moana and Noe set a course for an impossible mission to find the powerful lost tears. Will Moana be able to restore the heart amid secrets and monsters? Or will the blight overtake everything Moana holds dear?"-- ‡cProvided by publisher. | |
| 521 | 1 | . | ‡a12-Up. |
| 521 | 2 | . | ‡a07-Up. |
| 600 | 0 | 0. | ‡aMoana ‡c(Fictitious character) ‡vJuvenile fiction. |
| 650 | 0. | ‡aMagic ‡vJuvenile fiction. ‡0(LARL_NWRL_CONSORTIUM)165990 | |
| 650 | 0. | ‡aIslands ‡vJuvenile fiction. ‡0(LARL_NWRL_CONSORTIUM)170006 | |
| 650 | 0. | ‡aMonsters ‡vJuvenile fiction. ‡0(LARL_NWRL_CONSORTIUM)166253 | |
| 650 | 0. | ‡aQuests (Expeditions) ‡vJuvenile fiction. | |
| 650 | 0. | ‡aYoung adult fiction. ‡0(LARL_NWRL_CONSORTIUM)35107 | |
| 600 | 0 | 1. | ‡aMoana ‡c(Fictitious character) ‡vFiction. |
| 650 | 1. | ‡aMagic ‡vFiction. ‡0(LARL_NWRL_CONSORTIUM)165984 | |
| 650 | 1. | ‡aIslands ‡vFiction. ‡0(LARL_NWRL_CONSORTIUM)165223 | |
| 650 | 1. | ‡aMonsters ‡vFiction. ‡0(LARL_NWRL_CONSORTIUM)166252 | |
| 650 | 1. | ‡aQuests (Expeditions) ‡vFiction. ‡0(LARL_NWRL_CONSORTIUM)166982 | |
| 650 | 1. | ‡aFantasy. ‡0(LARL_NWRL_CONSORTIUM)19981 | |
| 655 | 7. | ‡aFantasy fiction. ‡2lcgft | |
| 655 | 7. | ‡aAction and adventure fiction. ‡2lcgft | |
| 730 | 0 | . | ‡iBased on (work): ‡aMoana (Motion picture : 2016) |
| 901 | . | ‡a466205 ‡bOCoLC ‡c466205 ‡tbiblio ‡soclc | |

Add to basket
Permalink
Enable Highlighting